[Event "Michigan Class C"]
[Site "Grand Rapids, MI"]
[Date "1998.??.??"]
[Round "?"]
[White "Solski, Jeff"]
[Black "Bedy, N."]
[Result "1-0"]
[WhiteElo "1605"]
[BlackElo "1605"]
[PlyCount "73"]
[EventDate "1998.01.??"]

1. e4 d5 2. exd5 Nf6 3. c4 e6 4. Nc3 exd5 5. cxd5 Nxd5 6. Nf3 Be7 7. d4 Be6 8.
Be2 O-O 9. O-O Nd7 10. Bd3 Nxc3 11. bxc3 Bg4 12. Bb2 Nf6 13. Rb1 c5 14. Ba3
cxd4 15. Bxe7 Qxe7 16. Re1 Qc7 17. cxd4 b6 18. Rb5 Qd6 19. Rg5 Rfe8 20. Ree5
Rac8 21. h3 h6 22. Rxg4 Nxg4 23. hxg4 Rxe5 24. Nxe5 Rd8 25. Qf3 Qf6 26. Qc6
Qxc6 27. Nxc6 Rd7 28. d5 Kf8 29. Be4 a6 30. f4 a5 31. Kf2 b5 32. Ke3 g6 33. Kd4
Ke8 34. Kc5 a4 35. Kxb5 f5 36. gxf5 gxf5 37. Bf3 1-0

[Event "Michigan Class C"]
[Site "Grand Rapids, MI"]
[Date "1998.??.??"]
[Round "?"]
[White "Solski, Jeff"]
[Black "Asbury, Victor"]
[Result "1-0"]
[WhiteElo "1605"]
[BlackElo "1605"]
[PlyCount "81"]
[EventDate "1998.01.??"]

1. e4 c5 2. Nf3 Nc6 3. g3 g6 4. Bg2 Bg7 5. c3 c4 6. d4 cxd3 7. Qxd3 Nf6 8. Be3
O-O 9. O-O d6 10. Nbd2 Ng4 11. Rad1 f5 12. Ng5 e6 13. exf5 Rxf5 14. Nh3 Nce5
15. Qe2 d5 16. Bd4 Bd7 17. f4 Qc7 18. fxe5 Nxe5 19. Rxf5 gxf5 20. Nf4 Rf8 21.
Nf3 Nxf3+ 22. Bxf3 e5 23. Nxd5 Qd6 24. Bf2 Bc6 25. b4 a6 26. Bc5 Qb8 27. Bxf8
Kxf8 28. Qc4 e4 29. Bh5 Qa7+ 30. Kg2 e3 31. Bf3 Qb8 32. Qc5+ Kg8 33. Ne7+ Kh8
34. Nxc6 bxc6 35. Qxe3 h6 36. Qe7 Kh7 37. Rd7 Qg8 38. Qxg7+ Qxg7 39. Rxg7+ Kxg7
40. Bxc6 Kg6 41. Bb7 1-0

[Event "Michigan Junior Invitational"]
[Site "Ann Arbor, MI"]
[Date "1998.??.??"]
[Round "?"]
[White "Solon, Nathan"]
[Black "Wyatt, David"]
[Result "1-0"]
[WhiteElo "1875"]
[BlackElo "1725"]
[PlyCount "65"]
[EventDate "1998.??.??"]

{6/27} 1. e4 c5 2. Nf3 Nc6 3. d4 cxd4 4. Nxd4 g6 5. Nc3 Bg7 6. Be3 Nf6 7. Bc4
Qa5 8. O-O O-O 9. Bb3 d6 10. h3 Bd7 11. f4 Qh5 12. Qd2 b5 13. Bd5 Nxd5 14. Nxd5
e6 15. Nxc6 exd5 16. Ne7+ Kh8 17. Nxd5 Be6 18. Bd4 Bxd5 19. exd5 Rfc8 20. Rae1
Qf5 21. c3 Rc4 22. Bxg7+ Kxg7 23. g4 Qd7 24. f5 f6 25. Re6 Re8 26. b3 Re4 27.
Qd3 Re5 28. Kh1 g5 29. Rf2 a6 30. Re2 Rxe2 31. Qxe2 Kf7 32. Rxe8 Qxe8 33. Qe6+
1-0

[Event "Michigan Open"]
[Site "Flint, MI"]
[Date "1998.??.??"]
[Round "?"]
[White "Solon, Nathan"]
[Black "Ward, Tom"]
[Result "0-1"]
[WhiteElo "1910"]
[BlackElo "2175"]
[PlyCount "92"]
[EventDate "1998.09.??"]

{9/6} 1. d4 Nf6 2. c4 e6 3. Nc3 Bb4 4. f3 Nc6 5. d5 Bxc3+ 6. bxc3 Na5 7. e4 e5
8. Bd3 Qe7 9. Qa4 b6 10. Ba3 Qd8 11. Ne2 c5 12. dxc6 dxc6 13. Rd1 Bd7 14. c5 b5
15. Qc2 Qc7 16. c4 a6 17. Ng3 O-O 18. Nf5 Bxf5 19. exf5 Nxc4 20. Bxc4 Qa5+ 21.
Kf2 Qxa3 22. Bb3 Rad8 23. Rhe1 a5 24. Re3 Qb4 25. Qc3 Qxc3 26. Rxc3 Rxd1 27.
Bxd1 Rd8 28. Be2 a4 29. Rd3 Rd7 30. Ke3 Kf8 31. Kd2 Nd5 32. a3 Ke7 33. g4 Nc7
34. Kc3 Rxd3+ 35. Bxd3 f6 36. Be4 Kd7 37. Kb4 Na6+ 38. Kc3 Nxc5 39. Bc2 Kd6 40.
Bd1 Na6 41. Bc2 Kc5 42. Bd1 Nc7 43. Bc2 Nd5+ 44. Kd2 Kd4 45. Be4 c5 46. Bd3 Nc3
0-1

[Event "Michigan Open"]
[Site "Flint, MI"]
[Date "1998.??.??"]
[Round "?"]
[White "Solon, Nathan"]
[Black "Mazuchowski, Tom"]
[Result "1-0"]
[WhiteElo "1915"]
[BlackElo "2125"]
[PlyCount "61"]
[EventDate "1998.09.??"]

{9/5} 1. d4 Nf6 2. c4 g6 3. Nc3 Bg7 4. e4 d6 5. f4 O-O 6. Nf3 c5 7. d5 e6 8.
Be2 exd5 9. cxd5 b5 10. e5 dxe5 11. fxe5 Ng4 12. Bxb5 Nxe5 13. Nxe5 Bxe5 14.
Qf3 Bb7 15. O-O Nd7 16. Bh6 Qh4 17. Bf4 Bd4+ 18. Kh1 Ne5 19. Qe2 Ng4 20. Bg3
Qh5 21. d6 Ne3 22. Rf2 Nf5 23. Qxh5 Nxg3+ 24. hxg3 gxh5 25. Re2 Rab8 26. d7
Bxc3 27. bxc3 Bxg2+ 28. Kxg2 Rxb5 29. Re8 Rb8 30. Rae1 Kg7 31. Rxb8 1-0

[Event "Michigan Junior Invitational"]
[Site "Ann Arbor, MI"]
[Date "1998.??.??"]
[Round "?"]
[White "Solon, Nathan"]
[Black "Mankiewicz, Ryan"]
[Result "0-1"]
[WhiteElo "1875"]
[BlackElo "2050"]
[PlyCount "48"]
[EventDate "1998.??.??"]

{6/28} 1. e4 d6 2. d4 Nf6 3. Nc3 g6 4. f4 Bg7 5. Nf3 c5 6. e5 Nfd7 7. e6 fxe6
8. Ng5 Nf6 9. Bb5+ Nc6 10. dxc5 O-O 11. Bxc6 bxc6 12. Qe2 Bd7 13. O-O Nd5 14.
Nce4 dxc5 15. Rd1 Qc7 16. Nxc5 Qb6 17. Ngxe6 Bxe6 18. Qxe6+ Kh8 19. Be3 Nxe3
20. Qxe3 Rf5 21. b4 Bxa1 22. Rxa1 Qxb4 23. Nd3 Qb6 24. Re1 Re8 0-1

[Event "Michigan Class A"]
[Site "Grand Rapids, MI"]
[Date "1998.??.??"]
[Round "?"]
[White "Solon, Nathan"]
[Black "Hobbs, Raymond"]
[Result "1-0"]
[WhiteElo "1900"]
[BlackElo "1895"]
[PlyCount "71"]
[EventDate "1998.01.??"]

1. e4 c5 2. Nf3 Nc6 3. d4 cxd4 4. Nxd4 Nf6 5. Nc3 e6 6. Bg5 Be7 7. f4 d6 8. Qd3
a6 9. O-O-O Qc7 10. Kb1 Bd7 11. a4 Rc8 12. Be2 Nb4 13. Qd2 Qb6 14. Bf3 O-O 15.
g4 Rc7 16. Bxf6 Bxf6 17. g5 Be7 18. Nb3 e5 19. a5 Qc6 20. f5 Rfc8 21. f6 Bf8
22. fxg7 Kxg7 23. h4 b6 24. h5 bxa5 25. g6 h6 26. gxf7 Kxf7 27. Rhf1 a4 28. Qf2
Kg8 29. Rg1+ Kh8 30. Nd4 exd4 31. Qxd4+ Kh7 32. Qf6 Be6 33. Qxe6 Bg7 34. Qg6+
Kh8 35. Bg4 Rd8 36. Bf5 1-0

[Event "Michigan Open"]
[Site "Flint, MI"]
[Date "1998.??.??"]
[Round "?"]
[White "Solon, Nathan"]
[Black "Hahn, David"]
[Result "1-0"]
[WhiteElo "1915"]
[BlackElo "2175"]
[PlyCount "125"]
[EventDate "1998.09.??"]

{9/4} 1. d4 d6 2. c4 f5 3. Nf3 g6 4. g3 Bg7 5. Bg2 Nf6 6. O-O O-O 7. Nc3 Nc6 8.
d5 Ne5 9. Nxe5 dxe5 10. e4 f4 11. Qe2 g5 12. gxf4 gxf4 13. Kh1 Bg4 14. Bf3 h5
15. b3 Bh3 16. Rg1 Ng4 17. Ba3 Rf6 18. Rad1 Rg6 19. Rd3 Ra6 20. Bc5 Rf6 21. Qd2
b6 22. Ba3 c5 23. Bd1 f3 24. Rxf3 Qf8 25. Rxf6 Qxf6 26. f3 Qf4 27. Qe2 Nf6 28.
Bc2 Qh4 29. Bc1 Nh7 30. Qe1 Qf6 31. Qg3 Bd7 32. Bd1 Kh8 33. Bg5 Nxg5 34. Qxg5
Qxg5 35. Rxg5 Be8 36. f4 exf4 37. Ne2 f3 38. Ng3 h4 39. Nh5 Bf6 40. Rf5 Bg6 41.
Rxf6 exf6 42. Nxf6 f2 43. Kg2 b5 44. cxb5 Rf8 45. e5 Bd3 46. Kxf2 Bxb5 47. Ke3
Kg7 48. Be2 Bxe2 49. Kxe2 Kg6 50. Kd3 Kf5 51. Nd7 Rg8 52. e6 Re8 53. Kc4 h3 54.
Kxc5 Kf4 55. Nf6 Rc8+ 56. Kd4 Kf5 57. Nd7 Rc1 58. e7 Re1 59. d6 Rd1+ 60. Kc5
Re1 61. Kc6 Rc1+ 62. Nc5 Re1 63. d7 1-0

[Event "Michigan Class A"]
[Site "Grand Rapids, MI"]
[Date "1998.??.??"]
[Round "?"]
[White "Solon, Nathan"]
[Black "Evans Sr., Thomas"]
[Result "1-0"]
[WhiteElo "1900"]
[BlackElo "1875"]
[PlyCount "69"]
[EventDate "1998.01.??"]

1. e4 e6 2. d4 d5 3. Nc3 dxe4 4. Nxe4 Nf6 5. Nxf6+ Qxf6 6. Nf3 h6 7. h4 Bd6 8.
Bd3 Bd7 9. Be3 Bc6 10. Qe2 Nd7 11. O-O-O O-O-O 12. Kb1 Bxf3 13. gxf3 Nb6 14. c4
Bf4 15. Be4 g5 16. h5 c6 17. Rc1 Kb8 18. Rhd1 Rhe8 19. Rd3 Bxe3 20. fxe3 Qe7
21. Rb3 Qc7 22. c5 Nd5 23. Rc4 Ka8 24. Ra4 f5 25. Bxd5 exd5 26. Rba3 Qb8 27.
Qd3 f4 28. e4 dxe4 29. Qb3 exf3 30. Qb6 Re1+ 31. Kc2 Re2+ 32. Kd1 Rxd4+ 33.
Rxd4 f2 34. Qxa7+ Qxa7 35. Rd8# 1-0

[Event "Michigan Junior Invitational"]
[Site "Ann Arbor, MI"]
[Date "1998.??.??"]
[Round "?"]
[White "Solon, Nathan"]
[Black "Brumley, Ron"]
[Result "1-0"]
[WhiteElo "1875"]
[BlackElo "1755"]
[PlyCount "103"]
[EventDate "1998.??.??"]

{6/28} 1. e4 c5 2. Nf3 d6 3. d4 cxd4 4. Nxd4 Nf6 5. Nc3 g6 6. Be3 Bg7 7. f3 Nc6
8. Qd2 O-O 9. O-O-O d5 10. Kb1 e5 11. Nxc6 bxc6 12. exd5 cxd5 13. Nxd5 Nxd5 14.
Qxd5 Qc7 15. Qc5 Qb7 16. Bc4 Rb8 17. Bb3 Be6 18. Rd6 Ra8 19. Rxe6 fxe6 20.
Bxe6+ Kh8 21. Bd5 Qd7 22. Bxa8 Rxa8 23. Qc4 e4 24. fxe4 Rb8 25. b3 Qd6 26. c3
Qe5 27. Kb2 Rf8 28. Bd4 Qf4 29. Bxg7+ Kxg7 30. Qd4+ Kh6 31. g3 Qf3 32. Rd1 Re8
33. e5 Rxe5 34. Qxe5 Qxd1 35. Qf4+ g5 36. Qf6+ Kh5 37. Qf2 a5 38. h4 a4 39.
hxg5 Qd6 40. b4 Qd1 41. Qc2 Qd7 42. c4 Kxg5 43. Qc3 h5 44. Ka3 Kg4 45. b5 Qd6+
46. c5 Qb8 47. c6 Qd6+ 48. Qb4+ Qxb4+ 49. Kxb4 Kxg3 50. c7 h4 51. c8=Q h3 52.
Qxh3+ 1-0

[Event "Michigan Open"]
[Site "Flint, MI"]
[Date "1998.??.??"]
[Round "?"]
[White "Sobocinski, Mike"]
[Black "Wydryck, Robert"]
[Result "1-0"]
[WhiteElo "2005"]
[BlackElo "1925"]
[PlyCount "93"]
[EventDate "1998.09.??"]

{9/5} 1. d4 Nf6 2. c4 c5 3. e3 g6 4. Nc3 cxd4 5. exd4 Bg7 6. Nf3 O-O 7. Be2 d5
8. cxd5 Nxd5 9. O-O Nc6 10. Be3 Nxe3 11. fxe3 Qa5 12. Nd2 Be6 13. Nc4 Bxc4 14.
Bxc4 e6 15. Qe2 a6 16. Ne4 b5 17. Bb3 Qb6 18. Rac1 Rad8 19. Kh1 Na5 20. Bc2 e5
21. dxe5 Bxe5 22. b3 Nb7 23. Rf3 Nc5 24. Rh3 Nxe4 25. Bxe4 Qd6 26. Rf1 Qe6 27.
Bb1 Rd7 28. Qf2 f5 29. e4 f4 30. Rd3 Rxd3 31. Bxd3 Rd8 32. Be2 Qd6 33. Qa7 Rd7
34. Qa8+ Kg7 35. a4 Qd2 36. Qe8 Kf6 37. Bg4 Re7 38. Qc6+ Kf7 39. axb5 axb5 40.
Qxb5 h5 41. Be2 Qb2 42. Bc4+ Kf6 43. g3 g5 44. gxf4 Bxf4 45. Qf5+ Kg7 46. Rxf4
gxf4 47. Qg5+ 1-0

[Event "Michigan Open"]
[Site "Flint, MI"]
[Date "1998.??.??"]
[Round "?"]
[White "Sobocinski, Mike"]
[Black "Wisckol, Richard"]
[Result "1/2-1/2"]
[WhiteElo "2005"]
[BlackElo "1905"]
[PlyCount "117"]
[EventDate "1998.09.??"]

{9/7} 1. d4 Nf6 2. c4 g6 3. Nc3 Bg7 4. e4 d6 5. Nf3 O-O 6. Be2 e5 7. O-O exd4
8. Nxd4 Nbd7 9. f4 Nc5 10. Bf3 a5 11. f5 c6 12. Bg5 Qb6 13. Rb1 Re8 14. fxg6
hxg6 15. Be3 Nfxe4 16. Nxe4 Nxe4 17. Nc2 Qc7 18. Bd4 Ng5 19. Bxg7 Nxf3+ 20.
Qxf3 Kxg7 21. Qf6+ Kg8 22. Rf4 Qe7 23. Qd4 Qe5 24. Re1 Qxd4+ 25. Rxd4 Rxe1+ 26.
Nxe1 Be6 27. b3 d5 28. cxd5 Bxd5 29. Kf2 b5 30. Rd2 Re8 31. Nc2 Kg7 32. Nd4 Re5
33. g3 Kf6 34. Rc2 Be4 35. Re2 Bd5 36. Rc2 Re8 37. Kf1 Rc8 38. Nxb5 Rb8 39. Nd4
Rb6 40. Ne2 a4 41. bxa4 Rb1+ 42. Kf2 Rh1 43. h4 Ke5 44. Ke3 Rf1 45. Nd4 Re1+
46. Kf2 Re4 47. Nxc6+ Kd6 48. Na7 Rxa4 49. Nb5+ Ke5 50. Nc3 Ra6 51. Re2+ Kd4
52. Nxd5 Kxd5 53. Kf3 f5 54. Rd2+ Ke6 55. Rg2 Ke5 56. Rb2 Ra3+ 57. Kf2 Kf6 58.
Rb6+ Kf7 59. Rb2 1/2-1/2

[Event "Lansing Mini-Swiss.1"]
[Site "Lansing, MI"]
[Date "1998.??.??"]
[Round "?"]
[White "Sobocinski, Mike"]
[Black "Triplett, Thomas"]
[Result "1-0"]
[WhiteElo "2035"]
[BlackElo "1895"]
[PlyCount "63"]
[EventDate "1998.??.??"]

1. d4 Nf6 2. c4 e6 3. Nf3 b6 4. e3 Bb7 5. Bd3 Be7 6. O-O O-O 7. Nc3 c5 8. Qe2
d6 9. Rd1 Nc6 10. a3 cxd4 11. exd4 Rc8 12. d5 exd5 13. cxd5 Na5 14. Bf5 Ra8 15.
Nd4 Bc8 16. b4 Re8 17. bxa5 Bxf5 18. Nxf5 Bf8 19. Qf3 bxa5 20. Bg5 h6 21. Nxh6+
gxh6 22. Bxf6 Qd7 23. Rd4 Re5 24. Bxe5 dxe5 25. Rg4+ Bg7 26. Ne4 Kf8 27. Rxg7
Kxg7 28. Qf6+ Kh7 29. Qxe5 Qb7 30. g4 Rb8 31. Nf6+ Kg6 32. Nh5 1-0

[Event "Michigan Open"]
[Site "Flint, MI"]
[Date "1998.??.??"]
[Round "?"]
[White "Sobocinski, Mike"]
[Black "Mazuchowski, Tom"]
[Result "0-1"]
[WhiteElo "2005"]
[BlackElo "2125"]
[PlyCount "98"]
[EventDate "1998.09.??"]

{9/7} 1. d4 Nf6 2. c4 g6 3. Nc3 Bg7 4. e4 d6 5. Nf3 O-O 6. Be2 Bg4 7. O-O Nfd7
8. h3 Bxf3 9. Bxf3 e5 10. Be3 Nc6 11. d5 Nd4 12. Be2 c5 13. dxc6 bxc6 14. b4 h6
15. Rb1 Kh7 16. Bd3 Nf6 17. f4 Nh5 18. f5 Nf4 19. Bxf4 exf4 20. Rxf4 Be5 21.
fxg6+ fxg6 22. Rxf8 Qxf8 23. Ne2 Qe7 24. Nxd4 Bxd4+ 25. Kh1 Be5 26. Be2 Rf8 27.
Bf3 Qg5 28. Rb3 Qf4 29. Kg1 h5 30. Kf1 g5 31. Ke2 g4 32. hxg4 hxg4 33. Qh1+ Kg6
34. Kd1 Rh8 35. Qg1 gxf3 36. Rxf3 Qxe4 37. Qxa7 Kh6 38. Rh3+ Kg6 39. Rxh8 Bxh8
40. Qa8 Qd4+ 41. Ke1 Qg1+ 42. Ke2 Qxg2+ 43. Ke3 Qg5+ 44. Kd3 Qf5+ 45. Ke3 Qe6+
46. Kd3 Qh3+ 47. Ke2 Qg2+ 48. Ke3 Bd4+ 49. Kxd4 c5+ 0-1

[Event "Lansing Mini-Swiss.1"]
[Site "Lansing, MI"]
[Date "1998.??.??"]
[Round "?"]
[White "Sobocinski, Mike"]
[Black "Gaiefsky, Mike"]
[Result "1-0"]
[WhiteElo "2035"]
[BlackElo "1920"]
[PlyCount "101"]
[EventDate "1998.??.??"]

1. d4 Nf6 2. c4 e5 3. dxe5 Ng4 4. Bf4 Nc6 5. Nf3 Bb4+ 6. Nc3 Qe7 7. Qd5 Bxc3+
8. bxc3 Qa3 9. Rc1 Qxa2 10. h3 Nh6 11. e4 Ne7 12. Qd4 Nc6 13. Qe3 Ng8 14. e6
dxe6 15. Bxc7 Nge7 16. Bd3 Qa3 17. O-O Ng6 18. c5 O-O 19. Bd6 Rd8 20. Qd2 Rxd6
21. cxd6 Qxd6 22. Rfd1 Qc5 23. Bb1 h6 24. Qd3 Nf4 25. Qd2 e5 26. Ba2 Qe7 27.
Kf1 Qa3 28. Bc4 Be6 29. Bxe6 Qa6+ 30. c4 Nxe6 31. Kg1 Rd8 32. Qc3 Ned4 33. Nxd4
Nxd4 34. Qe3 Rc8 35. Qd3 Qg6 36. f4 Qb6 37. Kf1 Nc6 38. Rb1 Qa6 39. c5 Qa2 40.
Rxb7 Rd8 41. Rd7 Rb8 42. Qd5 Rb2 43. Qxa2 Rxa2 44. Rc7 Nd4 45. fxe5 Ne6 46.
Rc8+ Kh7 47. c6 Rc2 48. Rd7 Kg6 49. Rxa7 Rc4 50. c7 Rxe4 51. Rd8 1-0

[Event "Michigan Open"]
[Site "Flint, MI"]
[Date "1998.??.??"]
[Round "?"]
[White "Sobocinski, Mike"]
[Black "Avery, Robert W"]
[Result "0-1"]
[WhiteElo "2005"]
[BlackElo "2220"]
[PlyCount "120"]
[EventDate "1998.09.??"]

{9/4} 1. d4 Nf6 2. c4 g6 3. Nc3 d5 4. cxd5 Nxd5 5. e4 Nxc3 6. bxc3 Bg7 7. Bc4
c5 8. Ne2 Nc6 9. Be3 O-O 10. O-O Qc7 11. Qc1 Rd8 12. Rd1 Na5 13. Bd3 cxd4 14.
cxd4 Qxc1 15. Raxc1 Bd7 16. d5 b6 17. Ba6 Bc8 18. Bb5 Kf8 19. Bf4 e5 20. Bd2
Nb7 21. Bb4+ Kg8 22. Be7 Bd7 23. Bxd8 Bxb5 24. Nc3 Bc4 25. Bg5 f6 26. Be3 Bf8
27. f3 b5 28. Rb1 a6 29. Rd2 Kf7 30. Na4 Nd6 31. Nc5 a5 32. Ne6 Be7 33. Rc1 a4
34. Bc5 f5 35. Nc7 Rb8 36. Ne6 h6 37. Rb2 fxe4 38. Bxd6 Bxd6 39. fxe4 Ke7 40.
Rbc2 Bd3 41. Rf2 Bxe4 42. Rcf1 Bf5 43. Kh1 b4 44. Ng7 Bd3 45. Rf7+ Kd8 46. Rf8+
Kc7 47. Ne6+ Kb6 48. Rxb8+ Bxb8 49. Rd1 Bc2 50. Rf1 b3 51. axb3 axb3 52. Nf8 b2
53. Nd7+ Ka7 54. Nxb8 Kxb8 55. Kg1 Kc7 56. Kf2 Kd6 57. Ke3 Kxd5 58. Kd2 b1=Q
59. Rxb1 Bxb1 60. Ke3 g5 0-1

[Event "Michigan Open"]
[Site "Flint, MI"]
[Date "1998.??.??"]
[Round "?"]
[White "Smith, Walt"]
[Black "Ward, Tom"]
[Result "1/2-1/2"]
[WhiteElo "2015"]
[BlackElo "2175"]
[PlyCount "67"]
[EventDate "1998.09.??"]

{9/5} 1. Nf3 Nf6 2. b3 d5 3. Bb2 Bf5 4. g3 Nbd7 5. Bg2 e6 6. O-O Bd6 7. d3 O-O
8. Nh4 Bg4 9. Qd2 e5 10. c4 c6 11. cxd5 Nxd5 12. Na3 Re8 13. Nc2 a5 14. e4 Nf4
15. gxf4 Qxh4 16. f5 Nf6 17. f3 Bh3 18. Bxh3 Qxh3 19. Qg2 Bc5+ 20. d4 Qxg2+ 21.
Kxg2 exd4 22. Nxd4 Rad8 23. Rfd1 Rd7 24. Rac1 Bb6 25. Ne2 Red8 26. Rxd7 Rxd7
27. Rc2 Rd1 28. Bc3 Kf8 29. Rd2 Rb1 30. Be5 Ke8 31. h4 Re1 32. Bg3 Ra1 33. Be5
Re1 34. Bg3 1/2-1/2

[Event "Michigan Open"]
[Site "Flint, MI"]
[Date "1998.??.??"]
[Round "?"]
[White "Smith, Walt"]
[Black "Rogers, Bradley"]
[Result "1/2-1/2"]
[WhiteElo "2015"]
[BlackElo "2090"]
[PlyCount "65"]
[EventDate "1998.09.??"]

{9/6} 1. Nf3 Nf6 2. b3 g6 3. Bb2 Bg7 4. g3 O-O 5. Bg2 d5 6. O-O c5 7. d4 Ne4 8.
Nbd2 f5 9. e3 Nc6 10. c3 b6 11. Re1 Ba6 12. Rc1 Rc8 13. Nxe4 fxe4 14. Ng5 Qd6
15. dxc5 bxc5 16. Bh3 Bd3 17. Bxc8 Rxc8 18. Qg4 Rf8 19. Qe6+ Qxe6 20. Nxe6 Rf5
21. Nxg7 Kxg7 22. c4+ d4 23. exd4 cxd4 24. b4 e5 25. a3 h5 26. Red1 Be2 27. Rd2
Bf3 28. b5 Na5 29. Rxd4 exd4 30. Bxd4+ Kf7 31. Bxa7 Nxc4 32. Rxc4 Rxb5 33. Rc1
1/2-1/2

[Event "Michigan Open"]
[Site "Flint, MI"]
[Date "1998.??.??"]
[Round "?"]
[White "Smith, Walt"]
[Black "Calton, Bill"]
[Result "1/2-1/2"]
[WhiteElo "2015"]
[BlackElo "2235"]
[PlyCount "33"]
[EventDate "1998.09.??"]

{9/5} 1. Nf3 d5 2. e4 dxe4 3. Ng5 e5 4. Nxe4 f5 5. Nbc3 Be6 6. Ng3 Bc5 7. Qe2
Nc6 8. Qb5 Bb6 9. Be2 Nf6 10. O-O h5 11. Bc4 a6 12. Qa4 Bd7 13. Qa3 Nd4 14. Re1
Ng4 15. Nd1 Qh4 16. h3 Qxg3 17. Qxg3 1/2-1/2

[Event "Michigan Open"]
[Site "Flint, MI"]
[Date "1998.??.??"]
[Round "?"]
[White "Smith, Mike A"]
[Black "Vandivier, Don"]
[Result "0-1"]
[WhiteElo "1945"]
[BlackElo "1880"]
[PlyCount "76"]
[EventDate "1998.09.??"]

{9/7} 1. e4 c5 2. Nf3 Nc6 3. d4 cxd4 4. Nxd4 g6 5. Nc3 Bg7 6. Be3 Nf6 7. Bc4
O-O 8. O-O e6 9. Qd2 Ng4 10. Bg5 Qb6 11. Nxc6 bxc6 12. h3 Qxb2 13. hxg4 Bxc3
14. Qf4 Be5 15. Qd2 d5 16. Bd3 Rb8 17. f4 Qb6+ 18. Kh1 Bxa1 19. Rxa1 f6 20. Bh6
Rf7 21. f5 Qd4 22. Rf1 dxe4 23. fxg6 hxg6 24. Qa5 exd3 25. Rd1 Qxg4 26. Qd8+
Kh7 27. Rxd3 Kxh6 28. Rh3+ Qxh3+ 29. gxh3 c5 30. Kh2 Kg7 31. Qd6 Rb2 32. Qxc5
Bb7 33. Qc3 Rxa2 34. Qb3 Bd5 35. Qd3 Rc7 36. Kg3 Raxc2 37. Qb5 g5 38. h4 Rg2+
0-1

[Event "Michigan Class A"]
[Site "Grand Rapids, MI"]
[Date "1998.??.??"]
[Round "?"]
[White "Smith, Mike A"]
[Black "Sparks, Frazier"]
[Result "1-0"]
[WhiteElo "1945"]
[BlackElo "1875"]
[PlyCount "69"]
[EventDate "1998.01.??"]

1. e4 d5 2. exd5 Qxd5 3. Nc3 Qa5 4. d4 c6 5. Nf3 Bf5 6. Bd3 Bxd3 7. Qxd3 Nf6 8.
O-O e6 9. Bf4 Nbd7 10. Rad1 Be7 11. Rfe1 O-O 12. Ne5 Rad8 13. Qc4 Nb6 14. Qe2
Nbd5 15. Bd2 Qb6 16. Nxd5 Nxd5 17. c3 c5 18. Be3 Nxe3 19. fxe3 f6 20. Nf3 Rd5
21. e4 Rh5 22. Ne5 Rh6 23. Nd7 Qc7 24. Nxf8 Qxh2+ 25. Kf1 Kxf8 26. Qf3 cxd4 27.
Rxd4 Bc5 28. Rd8+ Ke7 29. Red1 Kf7 30. R1d7+ Be7 31. Rxb7 Qh1+ 32. Ke2 Rh2 33.
Kf2 Qc1 34. Rdd7 Qc2+ 35. Kg3 1-0

[Event "Michigan Class A"]
[Site "Grand Rapids, MI"]
[Date "1998.??.??"]
[Round "?"]
[White "Smith, Mike A"]
[Black "Hobbs, Raymond"]
[Result "1/2-1/2"]
[WhiteElo "1945"]
[BlackElo "1895"]
[PlyCount "88"]
[EventDate "1998.01.??"]

1. e4 c5 2. Nf3 Nc6 3. d4 cxd4 4. Nxd4 Nf6 5. Nc3 e6 6. Be2 Bb4 7. Nxc6 Bxc3+
8. bxc3 bxc6 9. Bg5 Qa5 10. Bxf6 gxf6 11. Qd4 Ke7 12. Rd1 d5 13. exd5 cxd5 14.
Qb4+ Qxb4 15. cxb4 Bb7 16. Bf3 Rac8 17. Kd2 Rc4 18. c3 Rhc8 19. Rc1 R8c7 20.
Be2 Rh4 21. Bf3 Ba6 22. g3 Rh6 23. h4 Bc4 24. a4 f5 25. Be2 Bxe2 26. Kxe2 e5
27. Rhd1 Rd6 28. Rd3 Rc4 29. Kd2 h5 30. Rb1 Ke6 31. a5 f4 32. b5 Ra4 33. b6
axb6 34. axb6 Ra8 35. b7 Rb8 36. gxf4 Rd7 37. c4 exf4 38. cxd5+ Kf5 39. f3
Rbxb7 40. Rxb7 Rxb7 41. d6 Rd7 42. Rd5+ Ke6 43. Rxh5 Rxd6+ 44. Ke2 Rd8 1/2-1/2

[Event "Michigan Open"]
[Site "Flint, MI"]
[Date "1998.??.??"]
[Round "?"]
[White "Smith, Mike A"]
[Black "Hamilton, Z."]
[Result "1-0"]
[WhiteElo "1945"]
[BlackElo "1605"]
[PlyCount "23"]
[EventDate "1998.09.??"]

{9/5} 1. e4 d5 2. exd5 Qxd5 3. Nc3 Qd8 4. d4 Nc6 5. Nf3 Bg4 6. Bb5 e6 7. O-O
Nge7 8. Bf4 a6 9. Bxc6+ Nxc6 10. d5 Nb4 11. dxe6 Qf6 12. Qd7# 1-0

[Event "Michigan Open"]
[Site "Flint, MI"]
[Date "1998.??.??"]
[Round "?"]
[White "Smith, Mike A"]
[Black "Burke, Tim"]
[Result "0-1"]
[WhiteElo "1945"]
[BlackElo "1755"]
[PlyCount "50"]
[EventDate "1998.09.??"]

{9/6} 1. e4 c5 2. Nf3 Nc6 3. d4 cxd4 4. Nxd4 g6 5. Nc3 Bg7 6. Be3 Nf6 7. Bc4
Qb6 8. Ndb5 Qa5 9. O-O O-O 10. a3 a6 11. Nd4 Qc7 12. Be2 d6 13. f4 Nxd4 14.
Bxd4 Be6 15. f5 Bc4 16. Rf2 Rac8 17. Qd2 Qc6 18. e5 dxe5 19. Bxe5 Rfd8 20. Qe3
Ne4 21. Bxg7 Nxf2 22. Bh6 Bxe2 23. Qxe2 gxf5 24. Qh5 Ng4 25. Qg5+ Qg6 0-1

[Event "Michigan Class A"]
[Site "Grand Rapids, MI"]
[Date "1998.??.??"]
[Round "?"]
[White "Smith, Mike A"]
[Black "Bauerle, Paul"]
[Result "1/2-1/2"]
[WhiteElo "1945"]
[BlackElo "1940"]
[PlyCount "33"]
[EventDate "1998.01.??"]

1. e4 e6 2. d4 d5 3. exd5 exd5 4. Bd3 Nf6 5. Bf4 Bd6 6. Bxd6 Qxd6 7. Qe2+ Be6
8. Nf3 O-O 9. O-O Nc6 10. c3 Rfe8 11. Qc2 Bg4 12. Nbd2 Re7 13. Rae1 Rae8 14.
Qb1 h6 15. Rxe7 Rxe7 16. Re1 Rxe1+ 17. Qxe1 1/2-1/2

[Event "Michigan Open"]
[Site "Flint, MI"]
[Date "1998.??.??"]
[Round "?"]
[White "Smith, Michael R"]
[Black "Wisckol, Richard"]
[Result "1-0"]
[WhiteElo "2045"]
[BlackElo "1905"]
[PlyCount "57"]
[EventDate "1998.09.??"]

{9/7} 1. e4 c5 2. Nf3 Nc6 3. d4 cxd4 4. Nxd4 g6 5. c4 Bg7 6. Be3 Nf6 7. Nc3 O-O
8. Be2 d6 9. O-O Bd7 10. f4 Nxd4 11. Bxd4 Bc6 12. Bf3 Nd7 13. Bxg7 Kxg7 14. Kh1
Qb6 15. Qe2 Nc5 16. Nd5 Bxd5 17. cxd5 a5 18. Rac1 Rfe8 19. e5 Qb4 20. Rc4 Qb6
21. Qc2 Qa6 22. Be2 b5 23. Rc3 Qb7 24. f5 f6 25. fxg6 hxg6 26. Rg3 g5 27. Bh5
Qxd5 28. Qg6+ Kf8 29. Rxg5 1-0

[Event "Michigan Open"]
[Site "Flint, MI"]
[Date "1998.??.??"]
[Round "?"]
[White "Smith, Michael R"]
[Black "Morris, Jewell"]
[Result "1/2-1/2"]
[WhiteElo "2045"]
[BlackElo "1810"]
[PlyCount "70"]
[EventDate "1998.09.??"]

{9/6} 1. e4 c6 2. d4 d5 3. Nc3 dxe4 4. Nxe4 Bf5 5. Ng3 Bg6 6. Nf3 Nd7 7. h4 h5
8. Bd3 Bxd3 9. Qxd3 Ngf6 10. Bd2 e6 11. O-O-O Qc7 12. Qe2 O-O-O 13. Ne5 Nxe5
14. dxe5 Ng4 15. f4 Bc5 16. Ne4 Be7 17. Rh3 Kb8 18. Rb3 Ka8 19. g3 Rd5 20. c4
Rd4 21. Be1 Rxd1+ 22. Qxd1 Rd8 23. Rd3 Ne3 24. Rxd8+ Qxd8 25. Qxd8+ Bxd8 26.
Nd6 f6 27. Ne8 Nf5 28. c5 b6 29. b4 fxe5 30. fxe5 g5 31. hxg5 Bxg5+ 32. Kc2 Kb8
33. Kd3 Kc8 34. Nd6+ Kd7 35. Ke4 h4 1/2-1/2

[Event "Michigan Open"]
[Site "Flint, MI"]
[Date "1998.??.??"]
[Round "?"]
[White "Smith, Michael R"]
[Black "Brumley, Ron"]
[Result "1-0"]
[WhiteElo "1605"]
[BlackElo "1855"]
[PlyCount "71"]
[EventDate "1998.09.??"]

{9/5} 1. e4 e6 2. d4 d5 3. Nd2 Nf6 4. e5 Nfd7 5. Bd3 c5 6. c3 Nc6 7. Ne2 Qb6 8.
Nf3 Be7 9. O-O Nf8 10. Re1 Ng6 11. h3 Bd7 12. b3 Qc7 13. Bd2 cxd4 14. cxd4 Qb6
15. Rc1 Ba3 16. Rc3 Bb2 17. Rc2 Bxd4 18. Nexd4 Nxd4 19. Nxd4 Qxd4 20. Bc3 Qf4
21. Bb2 Bc6 22. g3 Qb4 23. Qc1 Ne7 24. Ba3 Qa5 25. b4 Qa4 26. b5 Bxb5 27. Bxb5+
Qxb5 28. Bxe7 Kxe7 29. Rc7+ Ke8 30. Qg5 Qb4 31. Rec1 Rd8 32. Qxg7 Qf8 33. Qf6
Rg8 34. Qxd8+ Kxd8 35. Rc8+ Ke7 36. R1c7# 1-0

[Event "Michigan Amateur"]
[Site "Kalamazoo "]
[Date "1998.??.??"]
[Round "?"]
[White "Smith, Les L"]
[Black "Parker, Harvard"]
[Result "0-1"]
[WhiteElo "1905"]
[BlackElo "1605"]
[PlyCount "50"]
[EventDate "1998.07.??"]

{7/18} 1. f4 d5 2. Nf3 g6 3. e3 Bg7 4. d4 Nf6 5. Bd3 c5 6. c3 b6 7. O-O Bb7 8.
Nbd2 O-O 9. f5 Nbd7 10. fxg6 hxg6 11. Qe1 Re8 12. Qh4 e5 13. dxe5 Nxe5 14. Bc2
Neg4 15. Nb3 Nxe3 16. Bxe3 Rxe3 17. Ng5 Qd6 18. Rf2 Ba6 19. Rd1 Rae8 20. Rfd2
Qe7 21. Nf3 Be2 22. Rb1 Bxf3 23. gxf3 Rxf3 24. Rbd1 Qe3+ 25. Kg2 Rf4 0-1